| 000 | 00507nam a2200157 i 4500 | ||
|---|---|---|---|
| 001 | 56017 | ||
| 003 | ES-MaACL | ||
| 005 | 20230906163252.0 | ||
| 007 | t| | ||
| 008 | 031001s1976 sp ||||1| spa d | ||
| 100 | 1 |
_aDíaz de Noriega y Pubul, José. _944244 |
|
| 245 | 1 | 0 |
_aPadrón general de la jurisdicción de Llanes en 1831 / _cJosé Díaz de Noriega y Pubul. |
| 260 |
_aMadrid : _bHidalguía, Instituto Salazar y Castro, _c1976. |
||
| 300 |
_a254 p. ; _c24 cm. |
||
| 852 |
_aES-MaACL _jL-10573 _bR.110998 |
||
| 999 |
_c56017 _d56017 |
||